Statistics for Spanish Colors

Click here to take the quiz!

General Stats

  • This quiz has been taken 30 times
  • The average score is 8 of 11

Answer Stats

HintAnswer% Correct
whiteblanco
100%
yellowamarillo
90%
orangenaranja
90%
blacknegro
90%
greenverde
90%
blueazul
86%
redrojo
86%
graygris
71%
silverplata
43%
goldendorado
33%
purplemorado
24%

Score Distribution

Percentile by Number Answered

Percent of People with Each Score

Your Score History

You have not taken this quiz